| 000 | 00353nam a22001457a 4500 | ||
|---|---|---|---|
| 020 | _a0 85157 142 5 | ||
| 082 | _a026.5 HOU | ||
| 100 | _aHOUGHTON, B. | ||
| 245 | _aOut of the Dinosaurs | ||
| 260 |
_aLondon _bClive Bingley _c1972 |
||
| 300 |
_a127p. _bill.;22cm |
||
| 500 | _aIncludes: Appendix & Index | ||
| 650 | _aOut of the Dinosaurs | ||
| 942 | _cBK | ||
| 999 |
_c19083 _d19083 |
||